UM Logo

Operational amplifiers and linear integrated circuits/ (Record no. 4767)

MARC details
000 -LEADER
fixed length control field 00746nam a22002057a 4500
008 - FIXED-LENGTH DATA ELEMENTS--GENERAL INFORMATION
fixed length control field 160922b xxu||||| |||| 00| 0 eng d
020 ## - INTERNATIONAL STANDARD BOOK NUMBER
International Standard Book Number 9-81405365-1
082 ## - DEWEY DECIMAL CLASSIFICATION NUMBER
Edition number 2001
Classification number DC 621.3815
Item number C830
100 ## - MAIN ENTRY--PERSONAL NAME
9 (RLIN) 15112
Personal name Coughlin, Robert F.
245 ## - TITLE STATEMENT
Title Operational amplifiers and linear integrated circuits/
Statement of responsibility, etc. Robert F. Coughlin and Frederick F. Driscoll.
250 ## - EDITION STATEMENT
Edition statement 6th edition
260 ## - PUBLICATION, DISTRIBUTION, ETC. (IMPRINT)
Place of publication, distribution, etc. Upper Saddle River, New Jersey:
Name of publisher, distributor, etc. Prentice Hall,
Date of publication, distribution, etc. c2001.
300 ## - PHYSICAL DESCRIPTION
Extent xxvii, 529 pages:
Other physical details illustrations;
Dimensions 24 cm.
500 ## - GENERAL NOTE
General note Includes bibliographical references and index.
650 #0 - SUBJECT ADDED ENTRY--TOPICAL TERM
9 (RLIN) 15113
Topical term or geographic name as entry element Electric circuits
650 #0 - SUBJECT ADDED ENTRY--TOPICAL TERM
9 (RLIN) 15114
Topical term or geographic name as entry element Amplifiers
700 ## - ADDED ENTRY--PERSONAL NAME
9 (RLIN) 15115
Personal name Driscoll, Frederick F.
Relator term Author
365 ## - TRADE PRICE
Price amount 395.00
Currency code Php
942 ## - ADDED ENTRY ELEMENTS (KOHA)
Source of classification or shelving scheme Dewey Decimal Classification
Koha item type Circulation
Holdings
Withdrawn status Lost status Source of classification or shelving scheme Damaged status Not for loan Collection code Home library Current library Date acquired Source of acquisition Total Checkouts Full call number Barcode Date last seen Copy number Price effective from Koha item type
    Dewey Decimal Classification     Circulation UM Digos College - LIC UM Digos College - LIC 10/02/2006 Purchased   DC 621.3815 C830 2001 18786 05/15/2025 1 09/22/2016 Circulation
    Dewey Decimal Classification     Circulation UM Digos College - LIC UM Digos College - LIC 10/02/2006 Purchased   DC 621.3815 C830 2001 18787 05/15/2025 2 09/22/2016 Circulation